Phineas and Ferb Season 1 Songs - Statistics

General Stats
  • This quiz has been taken 31 times
  • The average score is 26 of 68
Answer Stats
Picture Hint Answer % Correct
Lawn Gnome Beach Party of Terror Backyard Beach
96%
I Scream, You Scream Busted
88%
Oil on Candace Busted Conga
88%
Jerk De Soleil E.V.I.L. B.O.Y.S.
84%
Dude, We're Getting the Band Back Together Ain't Got Rhythm
80%
Dude, We're Getting the Band Back Together Fabulous
80%
Flop Starz Gitchee Gitchee Goo
80%
Flop Starz I'm Lindana and I Wanna Have Fun
80%
Every episode Phineas and Ferb Theme Song
76%
Unfair Science Fair Redux (Another Story) Queen of Mars
76%
Ready for the Bettys Ready for the Bettys
76%
Comet Kermillian S.I.M.P. (Squirrels in My Pants)
76%
Phineas and Ferb Get Busted! Little Brothers
72%
S'Winter S'Winter
72%
Mom's Birthday I Love You Mom
68%
Put that Putter Away Disco Miniature Golfing Queen
56%
Hail Doofania! Hail Doofania!
56%
Toy to the World Shimmy Jimmy
56%
One Good Scare Ought to Do It Perry the Platypus
52%
Does This Duckbill Make Me Look Fat? Perry the Teenage Girl
52%
I, Brobot Phinedroids and Ferbots
52%
Dude, We're Getting the Band Back Together You Snuck Your Way Right Into My Heart
52%
It's About Time Fossils
48%
It's About Time! My Nemesis
48%
The Ballad of Badbeard Ballad of Badbeard
44%
Tree to Get Ready My Goody Two-Shoes Brother
44%
One Good Scare Ought to Do It One Good Scare
44%
The Fast and the Phineas Go, Go, Phineas
40%
Leave the Busting to Us! Leave the Busting to Us!
36%
Are You My Mummy? My Undead Mummy
36%
Get that Bigfoot Outa My Face! Bigfoot
32%
Phineas and Ferb Get Busted! Chains on Me
32%
The Magnificent Few In the Mall
32%
The Magnificent Few On the Trail
32%
A Hard Day's Knight Ballad of the Black Knight
28%
The Best Lazy Day Ever Do Nothing Day
28%
Got Game? F-Games
28%
The Flying Fishmonger Flying Fishmonger
28%
Raging Bully He's a Bully
28%
Candace Loses Her Head She's Candace
28%
Out to Launch Shooting Star Milkshake Bar
28%
It's About Time! When We Didn't Get Along
28%
Dude, We're Getting the Band Back Together History of Rock
24%
Oil on Candace Impress My Professor
24%
Out to Launch Let's Take A Rocketship To Space
24%
Toy to the World Quirky Worky Song
24%
It's a Mud, Mud, Mud, Mud World Truck Drivin' Girl
24%
Run Away Runway Forever Summer
20%
One Good Scare Ought to Do It It's Candace
20%
Journey to the Center of Candace Hemoglobin Highway
16%
Lawn Gnome Beach Party of Terror Limbo
16%
Greece Lightning My Chariot
16%
Bowl-R-Ama Drama Pin Bowlin'
16%
Out of Toon Pinhead Pierre
16%
Leave the Busting to Us! Gotta Make Summer Last
12%
Dude, We're Getting the Band Back Together Music Makes Us Better
12%
Traffic Cam Caper And the Animals Go
8%
Unfair Science Fair Baliwood
8%
Voyage to the Bottom of Buford Fish Out of Water
8%
The Monster of Phineas-n-Ferbenstein He's Eviler
8%
Raging Bully It's Going So Badly
8%
Boyfriend from 27,000 B.C. Lookin So Fly
8%
Crack That Whip Ring of Fun
8%
Phineas and Ferb Get Busted! The Good Life
8%
The Best Lazy Day Ever Ugly
8%
Raging Bully Gunther Goat Cheese's
4%
Lawn Gnome Beach Party of Terror If Summer Only Lasted One Day
4%
Lawn Gnome Beach Party of Terror Our Song
4%
No matching quizzes found
Score Distribution
Percent of People with Each Score
Percentile by Number Answered
Your Score History
You have not taken this quiz